书目信息 |
| 题名: |
电动力学初步
|
|
| 作者: | 胡瑶光 编著 | |
| 分册: | ||
| 出版信息: | 上海 人民教育出版社 1982.7 |
|
| 页数: | 228页 | |
| 开本: | 20cm | |
| 丛书名: | ||
| 单 册: | ||
| 中图分类: | O442 | |
| 科图分类: | ||
| 主题词: | 电磁学 , 电动力学 | |
| 电子资源: | ||
| ISBN: | ||
| 000 | 00508nam0 2200193 45 | |
| 001 | 0312221749 | |
| 005 | 20060727162552.00 | |
| 010 | @dCNY0.60 | |
| 100 | @a20031222d1982 km y0chiy0120 ea | |
| 101 | @achi | |
| 200 | 1 | @a电动力学初步@ADian Dong Li Xue Chu Bu@f胡瑶光编著@FHu Yao Guang Bian Zhu |
| 210 | @a上海@c人民教育出版社@d1982.7 | |
| 215 | @a228页@d20cm | |
| 606 | 0 | @a电磁学 |
| 606 | 0 | @a电动力学 |
| 690 | @aO442@v3 | |
| 701 | 0 | @a胡瑶光@4编著 |
| 801 | @aCN@bTSTCL@c20060727 | |
| 905 | @a213230@dO442@e12 | |
| 电动力学初步/胡瑶光编著.-上海:人民教育出版社,1982.7 |
| 228页;20cm |
| ISBN :CNY0.60 |
| ● |
| 相关链接 |
|
|
|
|
正题名:电动力学初步
索取号:O442/12
 
预约/预借
| 序号 | 登录号 | 条形码 | 馆藏地/架位号 | 状态 | 备注 |
| 1 | 0158502 | 001456418 | 第三借阅区/ [索取号:O442/12] | 在馆 | |
| 2 | 0158503 | 001456454 | 第三借阅区/ [索取号:O442/12] | 在馆 | |
| 3 | 0158504 | 202103437 | 第二样本阅览室/ [索取号:O442/12] | 在馆 | |
| 4 | 0431562 | 204315623 | 密集书库/ [索取号:O442/12] | 在馆 | |
| 5 | 0432005 | 204320056 | 密集书库/ [索取号:O442/12] | 在馆 | |
| 6 | 0433772 | 204337725 | 密集书库/ [索取号:O442/12] | 在馆 |